00251nam a2200097Ia 4500008004100000100002400041245004200065260002200107942000700129999001700136190216s9999||||xx |||||||||||||| ||und|| aKrishna Varrier N V 0aBhudhamatham Darshanavum Charithravum bKerala Basha Inst cBK c39838d39838